00456nam a2200193Ia 4500003000400000005001700004008004100021020001500062040000700077041000800084082001700092100001800109245003200127260004000159300001200199365001300211650001500224650002300239OSt20250710164250.0210423s2005 xx 000 0 und d a8126123494 cAL aeng a070.4 bAHMJ aShahzad Ahmad aJournalismb: news coverage aNew DelhibAnmol Publicationsc2005 a407bPB b275cINR aJournalism aJournalism & Media